Statistiken für Hauptstädte am Nächsten nach London

Klicken Sie hier um das Quiz zu spielen!

Allgemein

  • Dieses Quiz wurde 287 mal gespielt
  • Das Durchschnittsergebnis liegt bei 19 aus 22

Antwortstatistiken

kmHauptstadt% Korrekt
933Berlin
99%
358Amsterdam
98%
321Brüssel
98%
1155Oslo
98%
343Paris
98%
464Dublin
97%
1435Stockholm
97%
957Kopenhagen
96%
1265Madrid
96%
747Bern
95%
1236Wien
95%
1434Rom
91%
490Luxemburg
89%
1035Prag
85%
850Vaduz
80%
1032Monaco
76%
1260San Marino
69%
1432Vatikanstadt
69%
1229Ljubljana
65%
1289Bratislava
64%
1339Zagreb
63%
1008Andorra la
Vella
58%

Verteilung der Resultate

Perzentil nach korrekt beantworteten Fragen

Anzahl Personen mit jedem Resultat

Ihre Resultats-Entwicklung

Sie haben dieses Quiz noch nicht gespielt